Movies Quiz

Random Movies or Clickable Quiz

Sun, Moon, Wind or Sky Movie Titles Quiz Stats

 Plays Quiz Updated Aug 23, 2017

Challenge
Share
Tweet
Embed
Score 0/20 Timer 04:00
0 Plays Today
Question Answer Wrong Answers
Gone with the _____ (1939)
Clark Gable, Vivien Leigh
Wind
96.6%
Sun
0.2%
Moon
0.2%
Sky
0.1%
Man on the _____ (1999)
Jim Carrey, Danny DeVito
Moon
96.4%
Sun
0.4%
Wind
0.2%
Sky
0.2%
The Twilight Saga: New _____ (2009)
Kristen Stewart, Robert Pattinson
Moon
95.7%
Sun
0.5%
Wind
0.2%
Sky
0.7%
Vanilla _____ (2001)
Tom Cruise, Penélope Cruz
Sky
93.8%
Sun
0.9%
Moon
1.9%
Wind
0.5%
Empire of the _____ (1987)
Christian Bale, John Malkovich
Sun
89.8%
Moon
3.1%
Wind
0.9%
Sky
3.1%
Eye in the _____ (2015)
Helen Mirren, Aaron Paul
Sky
88.3%
Sun
3.7%
Moon
2.8%
Wind
2.1%
Paper _____ (1973)
Ryan O'Neal, Tatum O'Neal
Moon
86.4%
Sun
2.9%
Wind
1.8%
Sky
6%
Transformers: Dark of the _____ (2011)
Shia LaBeouf, Rosie Huntington-Whiteley
Moon
86.2%
Sun
4.9%
Wind
0.4%
Sky
5.5%
Fire in the _____ (1993)
D.B. Sweeney, Robert Patrick
Sky
84.6%
Sun
4.8%
Moon
0.8%
Wind
6.7%
A Walk on the _____ (1999)
Diane Lane, Viggo Mortensen
Moon
80.4%
Sun
11.5%
Wind
4%
Sky
1.1%
A Mighty _____ (2003)
Christopher Guest, Eugene Levy
Wind
79.9%
Sun
6.3%
Moon
4.5%
Sky
6%
Under the Tuscan _____ (2003)
Diane Lane, Sandra Oh
Sun
77%
Moon
3.6%
Wind
0.5%
Sky
16.1%
A Raisin in the _____ (1961)
Sidney Poitier, Ruby Dee
Sun
76.8%
Moon
1.9%
Wind
8.3%
Sky
9.9%
October _____ (1999)
Jake Gyllenhaal, Chris Cooper
Sky
76.6%
Sun
5.8%
Moon
11.7%
Wind
2.9%
A Place in the _____ (1951)
Montgomery Clift, Elizabeth Taylor
Sun
71%
Moon
1.5%
Wind
2%
Sky
22.5%
Inherit the _____ (1960)
Spencer Tracy, Fredric March
Wind
55.7%
Sun
13.4%
Moon
16.4%
Sky
11.3%
Written on the _____ (1956)
Rock Hudson, Lauren Bacall
Wind
51.2%
Sun
6.5%
Moon
24.5%
Sky
14.7%
The _____ and the Lion (1975)
Sean Connery, Candice Bergen
Wind
46.1%
Sun
32%
Moon
15.1%
Sky
3.7%
Duel in the _____ (1946)
Jennifer Jones, Gregory Peck
Sun
44.1%
Moon
1.8%
Wind
12%
Sky
38.8%
Blue _____ (1994)
Jessica Lange, Tommy Lee Jones
Sky
31.8%
Sun
0.4%
Moon
64.7%
Wind
0.3%

You're not logged in!

Compare scores with friends on all Sporcle quizzes.
Join for Free
OR
Log In

You Might Also Like...

Show Comments

Extras

Top Quizzes Today


Score Distribution

Your Account Isn't Verified!

In order to create a playlist on Sporcle, you need to verify the email address you used during registration. Go to your Sporcle Settings to finish the process.

Report this User

Report this user for behavior that violates our Community Guidelines.

Details: